Enciklopedičeskoje opisanije jazykov.

Uložené v:
Podrobná bibliografia
Hlavný autor: Žurinskaja, M.A
Médium: Kniha
Jazyk:Slovak
Vydané: 1986.
Tagy: Pridať tag
Žiadne tagy, Buďte prvý kto otaguje tento záznam!

MARC

LEADER 00000nam a22000004a 4500
001 000525920
005 20161031083913.0
008 161031s1986 xo e 000 0 slo d
040 |a SVKKK  |b slo  |c SVKKK  |e AACR2 
100 1 |a Žurinskaja, M.A. 
245 1 0 |a Enciklopedičeskoje opisanije jazykov. 
260 |c 1986. 
500 |a Záznam revízie 
910 |a svkkk 
998 |a BK 
090 |g SCKHL  |k Sklad Hlavná 10 prízemie  |a I.57367  |j 753006  |i 2720389810  |s Absenčne